| 000 | 00629cam a2200205 4500500 | ||
|---|---|---|---|
| 005 | 20260405003622.0 | ||
| 041 | _afre | ||
| 042 | _adc | ||
| 100 | 1 | 0 |
_aLarmagnac-Matheron, Octave _eauthor |
| 245 | 0 | 0 | _aL’adaptation roule des mécaniques |
| 260 | _c2022. | ||
| 500 | _a4 | ||
| 690 | _aAdaptation | ||
| 690 | _aCatherine Malabou | ||
| 690 | _aIntelligence Artificielle | ||
| 690 | _aMachine | ||
| 690 | _aPlasticité | ||
| 786 | 0 | _nPhilosophie magazine | 165 | 12 | 2022-12-01 | p. 4-4 | 1951-1787 | |
| 856 | 4 | 1 | _uhttps://shs.cairn.info/magazine-philosophie-magazine-2022-12-page-4?lang=fr&redirect-ssocas=7080 |
| 999 |
_c2069325 _d2069325 |
||